[Event "North American-ch U20"]
[Site "Dulles"]
[Date "2023.12.23"]
[Round "9"]
[White "Montes Orozco, Miguel Angel"]
[Black "Tay, Brian"]
[Result "1-0"]
[WhiteElo "2155"]
[BlackElo "1926"]
[PlyCount "93"]
[EventDate "2023.12.19"]
[EventType "swiss"]
[EventRounds "9"]
[EventCountry "USA"]
[SourceTitle "CB52_2023"]
[SourceDate "2023.12.27"]
[SourceVersion "1"]
[SourceVersionDate "2023.12.27"]
[SourceQuality "1"]

1. d4 Nf6 2. c4 g6 3. Nc3 Bg7 4. e4 d6 5. Nf3 0-0 6. Be2 e5 7. 0-0 Nc6 8. d5 Ne7 9. b4 a5 10. bxa5 c5 11. a4 Rxa5 12. Bd2 Ra6 13. Qc2 Ne8 14. Rfb1 h6 15. Ra3 f5 16. exf5 gxf5 17. Nb5 Ng6 18. Ne1 Nf6 19. g3 Kh7 20. Ng2 Qe7 21. Re1 Qf7 22. f3 e4 23. Nc3 exf3 24. Bxf3 Ng4 25. Nf4 Bd4+ 26. Kg2 N4e5 27. Be2 Rg8 28. Nb5 Nxf4+ 29. Bxf4 Ng6 30. Bxd6 Qf6 31. Nxd4 Qxd4 32. Rd1 Qf6 33. Bxc5 f4 34. Bd4 Qg5 35. h4 Qe7 36. c5 Bf5 37. Qxf5 Qxe2+ 38. Kh3 Rf8 39. Qd7+ Ne7 40. Re3 fxe3 41. Qxe7+ Kg6 42. Qg7+ Kf5 43. Qxf8+ Ke4 44. Qe7+ Kf3 45. Qf7+ Ke4 46. Qh7+ Kf3 47. Qf5# 1-0

[Event "Dulles Skyline op-A"]
[Site "Dulles"]
[Date "2022.10.10"]
[Round "5"]
[White "Haldankar, Ameya"]
[Black "Tay, Brian"]
[Result "0-1"]
[WhiteElo "1755"]
[BlackElo "1889"]
[PlyCount "102"]
[EventDate "2022.10.08"]
[EventType "swiss"]
[EventRounds "6"]
[EventCountry "USA"]
[SourceTitle "CBM 210 Extra"]
[Source "ChessBase"]
[SourceDate "2022.11.30"]
[SourceVersion "1"]
[SourceVersionDate "2022.11.30"]
[SourceQuality "1"]

1. d4 Nf6 2. c4 g6 3. Nc3 Bg7 4. e4 d6 5. f3 0-0 6. Be3 b6 7. Nge2 c5 8. d5 e6 9. Nf4 e5 10. Nd3 Ne8 11. Qd2 f5 12. 0-0-0 Nf6 13. Be2 a6 14. a4 Bd7 15. Qc2 Kh8 16. Rdg1 fxe4 17. fxe4 Ng4 18. Bxg4 Bxg4 19. h3 Bc8 20. Qd2 Ra7 21. g4 Raf7 22. h4 Kg8 23. h5 gxh5 24. gxh5 Kh8 25. h6 Bf6 26. Rg2 Rg8 27. Rhg1 Rxg2 28. Rxg2 Qf8 29. Ne2 Bh4 30. Kc2 Bd7 31. Nc3 Qe8 32. b3 b5 33. axb5 axb5 34. Nxb5 Bxb5 35. cxb5 Qxb5 36. Nb2 Na6 37. Nc4 Nb4+ 38. Kc3 Qa6 39. Qd1 Bf6 40. Qg1 Rf8 41. Rf2 Rg8 42. Qf1 Be7 43. Rf7 Qa2 44. Nb2 Qa5 45. Bd2 Nc6+ 46. Kc2 Nd4+ 47. Kd1 Qa1+ 48. Bc1 Bg5 49. Nd3 Qb1 50. Qf2 Qxd3+ 51. Ke1 Nc2+ 0-1

[Event "Dulles Skyline op-A"]
[Site "Dulles"]
[Date "2022.10.10"]
[Round "6"]
[White "Tay, Brian"]
[Black "Quirke, Jeffrey"]
[Result "1-0"]
[WhiteElo "1889"]
[BlackElo "2047"]
[PlyCount "65"]
[EventDate "2022.10.08"]
[EventType "swiss"]
[EventRounds "6"]
[EventCountry "USA"]
[SourceTitle "CBM 210 Extra"]
[Source "ChessBase"]
[SourceDate "2022.11.30"]
[SourceVersion "1"]
[SourceVersionDate "2022.11.30"]
[SourceQuality "1"]

1. e4 e5 2. Nf3 Nc6 3. Bb5 a6 4. Ba4 d6 5. 0-0 Bd7 6. d4 Nge7 7. d5 Nb8 8. c4 Ng6 9. Nc3 Be7 10. Bc2 0-0 11. Be3 f5 12. exf5 Bxf5 13. Bxf5 Rxf5 14. Nd2 Nd7 15. Nde4 Qe8 16. g3 h5 17. h4 Bxh4 18. gxh4 Nxh4 19. Kh1 Nf3 20. Nd2 e4 21. Ncxe4 Qe5 22. Ng3 Raf8 23. Nxf3 Rxf3 24. Qd4 Qe7 25. Rg1 Ne5 26. Kg2 Qf7 27. Raf1 Ng4 28. Rh1 g6 29. Qd2 h4 30. Bd4 b5 31. Qe2 Rf4 32. Rxh4 Rxd4 33. Rxg4 1-0

[Event "Dulles Skyline op-A"]
[Site "Dulles"]
[Date "2022.10.09"]
[Round "3"]
[White "Chandi, Ishnoor"]
[Black "Tay, Brian"]
[Result "1/2-1/2"]
[WhiteElo "1766"]
[BlackElo "1889"]
[PlyCount "57"]
[EventDate "2022.10.08"]
[EventType "swiss"]
[EventRounds "6"]
[EventCountry "USA"]
[SourceTitle "CBM 210 Extra"]
[Source "ChessBase"]
[SourceDate "2022.11.30"]
[SourceVersion "1"]
[SourceVersionDate "2022.11.30"]
[SourceQuality "1"]

1. e4 c5 2. Nf3 d6 3. d4 cxd4 4. Nxd4 Nf6 5. Nc3 Nc6 6. Bg5 e6 7. Qd2 Qb6 8. Bxf6 gxf6 9. 0-0-0 Qxd4 10. Qxd4 Nxd4 11. Rxd4 a6 12. Be2 Bd7 13. g3 Be7 14. f4 Bc6 15. f5 h5 16. a4 exf5 17. Rf1 fxe4 18. Nxe4 Bxe4 19. Rxe4 Kd7 20. Rh4 f5 21. Rxh5 Rxh5 22. Bxh5 Ke6 23. Re1+ Kf6 24. Bf3 Rb8 25. c4 Rc8 26. b3 b5 27. axb5 axb5 28. Bd5 bxc4 29. bxc4 1/2-1/2

[Event "Dulles Skyline op-A"]
[Site "Dulles"]
[Date "2022.10.09"]
[Round "4"]
[White "Tay, Brian"]
[Black "Diao, Matthew Guo"]
[Result "1/2-1/2"]
[WhiteElo "1889"]
[BlackElo "1761"]
[PlyCount "107"]
[EventDate "2022.10.08"]
[EventType "swiss"]
[EventRounds "6"]
[EventCountry "USA"]
[SourceTitle "CBM 210 Extra"]
[Source "ChessBase"]
[SourceDate "2022.11.30"]
[SourceVersion "1"]
[SourceVersionDate "2022.11.30"]
[SourceQuality "1"]

1. e4 c5 2. Nf3 e6 3. d3 Nc6 4. g3 Nf6 5. Bg2 d5 6. Nbd2 Be7 7. 0-0 0-0 8. e5 Nd7 9. Re1 Qc7 10. Qe2 Re8 11. Nf1 f6 12. exf6 Nxf6 13. Bf4 Bd6 14. Bxd6 Qxd6 15. Ne5 Nd7 16. Nxc6 bxc6 17. f4 e5 18. Nd2 Ba6 19. c4 exf4 20. Qxe8+ Rxe8 21. Rxe8+ Kf7 22. Rae1 dxc4 23. Nxc4 Bxc4 24. dxc4 fxg3 25. hxg3 Nf6 26. R8e3 Qd4 27. Bf3 Qxc4 28. b3 Qd4 29. Kg2 Qd6 30. Rd1 Nd5 31. Red3 Qg6 32. Bxd5+ cxd5 33. Rxd5 Qc6 34. Kg1 h6 35. Rd7+ Kg8 36. R7d3 c4 37. bxc4 Qxc4 38. R1d2 Kh7 39. Kh2 Qg4 40. Rf2 Qh5+ 41. Kg2 Qb5 42. Rdd2 Qc4 43. Rf4 Qc3 44. Re2 Qc6+ 45. Kh2 Qd5 46. Rfe4 Qh5+ 47. Kg2 Qd5 48. Kf2 Qf5+ 49. Ke1 Qa5+ 50. Kd1 Qd5+ 51. Kc1 Qc6+ 52. Kb2 Qb6+ 53. Kc3 Qc6+ 54. Kb2 1/2-1/2

[Event "Charlotte Carolinas op"]
[Site "Charlotte"]
[Date "2022.06.12"]
[Round "4"]
[White "Snodgrass, Benjamin"]
[Black "Tay, Brian"]
[Result "0-1"]
[WhiteElo "2025"]
[BlackElo "1837"]
[PlyCount "88"]
[EventDate "2022.06.10"]
[EventType "swiss"]
[EventRounds "5"]
[EventCountry "USA"]
[SourceTitle "CBM 208 Extra"]
[Source "ChessBase"]
[SourceDate "2022.07.31"]
[SourceVersion "1"]
[SourceVersionDate "2022.07.31"]
[SourceQuality "1"]

1. e4 c5 2. Nf3 d6 3. d4 cxd4 4. Nxd4 Nf6 5. Nc3 Nc6 6. Be2 e5 7. Nb3 Be7 8. Be3 0-0 9. g4 Be6 10. g5 Ne8 11. Qd2 a5 12. Nc1 a4 13. h4 a3 14. b3 Nb4 15. Nd3 d5 16. Nxd5 Nxd5 17. exd5 Qxd5 18. 0-0-0 Nd6 19. Nc5 Qc6 20. Kb1 Rac8 21. f3 Nf5 22. Nxe6 fxe6 23. Bf2 Bb4 24. Qc1 Bc3 25. Rd3 b5 26. h5 b4 27. h6 g6 28. Rhd1 Rf7 29. Rd8+ Rxd8 30. Rxd8+ Rf8 31. Rxf8+ Kxf8 32. Qd1 Bd4 33. Be1 Qc5 34. Qd3 Ne3 35. Qe4 Nd5 36. Bc4 Bc3 37. Bxd5 exd5 38. Qe2 Qg1 39. f4 Qxe1+ 40. Qxe1 Bxe1 41. fxe5 Bc3 42. Kc1 Ke7 43. Kd1 Ke6 44. Ke2 Kxe5 0-1

[Event "Dulles Colonial op 3rd"]
[Site "Dulles"]
[Date "2022.04.14"]
[Round "3"]
[White "Tay, Brian"]
[Black "Spence, Isaac Charles"]
[Result "1-0"]
[WhiteElo "1812"]
[BlackElo "1918"]
[PlyCount "81"]
[EventDate "2022.04.13"]
[EventType "swiss"]
[EventRounds "9"]
[EventCountry "USA"]
[SourceTitle "CBM 207 Extra"]
[Source "ChessBase"]
[SourceDate "2022.05.31"]
[SourceVersion "1"]
[SourceVersionDate "2022.05.31"]
[SourceQuality "1"]

1. e4 c6 2. d4 d5 3. Nc3 dxe4 4. Nxe4 Nd7 5. Ng5 Ngf6 6. Bd3 e6 7. N1f3 Bd6 8. Qe2 h6 9. Ne4 Nxe4 10. Qxe4 Qc7 11. Bd2 c5 12. c4 Nf6 13. Qe2 cxd4 14. Nxd4 a6 15. Nf5 0-0 16. Nxd6 Qxd6 17. Bc3 Bd7 18. Rd1 Qe7 19. 0-0 Bc6 20. Rd2 Rfd8 21. Rfd1 Rd7 22. h3 Rad8 23. Ba5 Re8 24. Qe3 e5 25. Bf5 Rxd2 26. Rxd2 g6 27. Bc2 Kh7 28. a3 Nh5 29. g3 Qe6 30. g4 Nf4 31. Bb3 f5 32. c5 Qe7 33. gxf5 gxf5 34. Kh2 Nh5 35. Rd6 f4 36. Qe1 f3 37. Bd2 Nf4 38. Bc2+ Kg7 39. Bxf4 exf4 40. Qg1+ Kf8 41. Rxh6 1-0

[Event "Dulles Colonial op 3rd"]
[Site "Dulles"]
[Date "2022.04.13"]
[Round "1"]
[White "Tay, Brian"]
[Black "Lowinger, Daniel"]
[Result "0-1"]
[WhiteElo "1812"]
[BlackElo "2064"]
[PlyCount "56"]
[EventDate "2022.04.13"]
[EventType "swiss"]
[EventRounds "9"]
[EventCountry "USA"]
[SourceTitle "CBM 207 Extra"]
[Source "ChessBase"]
[SourceDate "2022.05.31"]
[SourceVersion "1"]
[SourceVersionDate "2022.05.31"]
[SourceQuality "1"]

1. e4 e5 2. Nf3 Nc6 3. Bb5 a6 4. Ba4 Nf6 5. d3 d6 6. c3 Be7 7. 0-0 0-0 8. Re1 b5 9. Bc2 d5 10. exd5 Qxd5 11. Nbd2 Bf5 12. Qe2 Rfe8 13. Ne4 h6 14. Ng3 Bg4 15. Bb3 Qd7 16. h3 Bf5 17. Nxf5 Qxf5 18. Nxe5 Nxe5 19. Qxe5 Bd6 20. Qxe8+ Rxe8 21. Rxe8+ Nxe8 22. d4 c5 23. Be3 c4 24. Bd1 Bf4 25. Bxf4 Qxf4 26. Bf3 Qd2 27. Rd1 Qxb2 28. d5 Nd6 0-1

[Event "Charlotte Masters 3rd"]
[Site "Charlotte"]
[Date "2021.07.18"]
[Round "4"]
[White "Liu, Eric"]
[Black "Tay, Brian"]
[Result "1-0"]
[WhiteElo "1909"]
[BlackElo "1758"]
[PlyCount "57"]
[EventDate "2021.07.16"]
[EventType "swiss"]
[EventRounds "5"]
[EventCountry "USA"]
[SourceTitle "CBM 203 Extra"]
[Source "ChessBase"]
[SourceDate "2021.09.30"]
[SourceVersion "1"]
[SourceVersionDate "2021.09.30"]
[SourceQuality "1"]

1. e4 c5 2. Nf3 d6 3. d4 cxd4 4. Nxd4 Nf6 5. Nc3 Nc6 6. f3 e5 7. Nb3 Be7 8. Be3 0-0 9. Qd2 Be6 10. Nd5 Bxd5 11. exd5 Nb8 12. c4 Nh5 13. Bd3 f5 14. 0-0 Nd7 15. Na5 Qc7 16. b4 Nf4 17. Rac1 Nxd3 18. Qxd3 Bh4 19. c5 dxc5 20. d6 Qd8 21. Nxb7 Qf6 22. bxc5 f4 23. Bf2 Bxf2+ 24. Rxf2 Qf7 25. c6 Nb6 26. d7 Qe7 27. Rd2 Rfd8 28. Nxd8 Rxd8 29. c7 1-0

[Event "PNWCC Super G60 Feb Gp2"]
[Site "Chess.com INT"]
[Date "2021.02.27"]
[Round "1"]
[White "Baskin, Robert"]
[Black "Tay, Brian"]
[Result "1/2-1/2"]
[WhiteElo "2390"]
[BlackElo "1796"]
[PlyCount "94"]
[EventDate "2021.02.27"]
[EventType "swiss"]
[EventRounds "6"]
[EventCountry "USA"]
[SourceTitle "CBM 200 Extra"]
[Source "ChessBase"]
[SourceDate "2021.03.31"]
[SourceVersion "1"]
[SourceVersionDate "2021.03.31"]
[SourceQuality "1"]

1. e4 c5 2. Nf3 d6 3. d4 cxd4 4. Nxd4 Nf6 5. Nc3 Nc6 6. Bg5 Qb6 7. Nb3 e6 8. Bxf6 gxf6 9. Qd2 Bd7 10. 0-0-0 0-0-0 11. f4 Kb8 12. Be2 h5 13. Rhf1 Na5 14. Kb1 Nxb3 15. axb3 Qc5 16. Rf3 f5 17. Na4 Bxa4 18. Rc3 Qb6 19. bxa4 fxe4 20. a5 Qf2 21. a6 Bg7 22. Re3 Qxf4 23. Qb4 b6 24. Rxe4 Qxh2 25. Rc4 Qe5 26. Bf3 Qa5 27. Qxa5 bxa5 28. Rd3 d5 29. Rb3+ Ka8 30. Rc7 Rb8 31. Rxb8+ Rxb8 32. c4 Rxb2+ 33. Kc1 Kb8 34. Rxf7 Bd4 35. cxd5 exd5 36. Bxd5 Rb6 37. Bb7 Rh6 38. Kc2 h4 39. Rf4 Bb6 40. Rc4 Bc7 41. Rg4 Bb6 42. Kb3 h3 43. gxh3 Rxh3+ 44. Ka4 Rh8 45. Kb5 Kc7 46. Rg7+ Kd6 47. Rg6+ Ke5 1/2-1/2

[Event "PNWCC Super G60 Feb Gp2"]
[Site "Chess.com INT"]
[Date "2021.02.27"]
[Round "2"]
[White "Doluhanova, Evgeniya"]
[Black "Tay, Brian"]
[Result "1-0"]
[WhiteElo "2212"]
[BlackElo "1796"]
[PlyCount "105"]
[EventDate "2021.02.27"]
[EventType "swiss"]
[EventRounds "6"]
[EventCountry "USA"]
[SourceTitle "CBM 200 Extra"]
[Source "ChessBase"]
[SourceDate "2021.03.31"]
[SourceVersion "1"]
[SourceVersionDate "2021.03.31"]
[SourceQuality "1"]

1. e4 c5 2. Nf3 d6 3. Bb5+ Nd7 4. 0-0 Ngf6 5. c4 a6 6. Ba4 g6 7. d4 cxd4 8. Nxd4 Bg7 9. Nc3 0-0 10. h3 Qc7 11. Qe2 Nc5 12. Bc2 Nfxe4 13. Nd5 Qd8 14. Nb3 e6 15. Bxe4 Nxe4 16. Qxe4 exd5 17. Qxd5 Qc7 18. Bf4 Be5 19. Bxe5 dxe5 20. Rfe1 Be6 21. Qxe5 Qxe5 22. Rxe5 Bxc4 23. Nc5 b5 24. b3 Be6 25. Nxe6 fxe6 26. Rxe6 Rfe8 27. Rae1 Rxe6 28. Rxe6 Kf7 29. Rb6 Ra7 30. a4 bxa4 31. bxa4 Ke7 32. a5 Kf7 33. f4 h6 34. g4 Rc7 35. Rxa6 Rc1+ 36. Kf2 Rc2+ 37. Ke3 Rc3+ 38. Kd4 Rxh3 39. Rc6 Ra3 40. a6 Ra4+ 41. Ke5 h5 42. gxh5 gxh5 43. f5 Ra5+ 44. Kf4 h4 45. Kg5 h3 46. Rc7+ Ke8 47. Kg6 h2 48. Rc1 Rxa6+ 49. f6 Rc6 50. Rb1 Rc8 51. Kg7 Rc7+ 52. Kg8 Rf7 53. Re1+ 1-0

[Event "PNWCC Super G60 Feb Gp2"]
[Site "Chess.com INT"]
[Date "2021.02.27"]
[Round "3"]
[White "Tay, Brian"]
[Black "Wang, Alex Yuxuan"]
[Result "0-1"]
[WhiteElo "1796"]
[BlackElo "1983"]
[PlyCount "58"]
[EventDate "2021.02.27"]
[EventType "swiss"]
[EventRounds "6"]
[EventCountry "USA"]
[SourceTitle "CBM 200 Extra"]
[Source "ChessBase"]
[SourceDate "2021.03.31"]
[SourceVersion "1"]
[SourceVersionDate "2021.03.31"]
[SourceQuality "1"]

1. e4 c5 2. Nf3 d6 3. d4 cxd4 4. Nxd4 Nf6 5. Nc3 a6 6. Be2 e6 7. 0-0 Nbd7 8. f4 Qc7 9. Bf3 Be7 10. Be3 0-0 11. Kh1 Nb6 12. Qe2 Bd7 13. Bf2 Rfe8 14. Bg3 e5 15. fxe5 dxe5 16. Nf5 Bb4 17. Bh4 Bxc3 18. bxc3 Bxf5 19. Bxf6 Be6 20. Bh4 Bc4 21. Qf2 Bxf1 22. Rxf1 Nc4 23. Qg3 Nd2 24. Bf6 g6 25. Qg5 Qd6 26. Rf2 Nxf3 27. gxf3 Re6 28. f4 Rxf6 29. fxe5 Qd1+ 0-1

[Event "PNWCC Super G60 Jan Gp2"]
[Site "Chess.com INT"]
[Date "2021.01.17"]
[Round "4"]
[White "Ren, Jesse"]
[Black "Tay, Brian"]
[Result "1/2-1/2"]
[WhiteElo "1597"]
[BlackElo "1796"]
[PlyCount "62"]
[EventDate "2021.01.16"]
[EventType "swiss"]
[EventRounds "6"]
[EventCountry "USA"]
[SourceTitle "CBM 200 Extra"]
[Source "ChessBase"]
[SourceDate "2021.03.31"]
[SourceVersion "1"]
[SourceVersionDate "2021.03.31"]
[SourceQuality "1"]

1. e4 c5 2. Nf3 d6 3. d4 cxd4 4. Nxd4 Nf6 5. Bb5+ Bd7 6. Bxd7+ Qxd7 7. Nc3 Nc6 8. Nxc6 bxc6 9. 0-0 e6 10. Qe2 d5 11. Bg5 Be7 12. e5 Ng8 13. Bxe7 Nxe7 14. Na4 0-0 15. Nc5 Qc7 16. b4 Nc8 17. c3 Nb6 18. f4 Nd7 19. Nxd7 Qxd7 20. a4 Rab8 21. Rab1 c5 22. b5 c4 23. Qe3 Qc7 24. Rfd1 Qb6 25. Qd4 Qxd4+ 26. Rxd4 Rb7 27. Rb4 Rfb8 28. Rd1 Kf8 29. Kf2 Ke7 30. Ke3 a5 31. Rb2 h5 1/2-1/2

[Event "PNWCC Super G60 Jan Gp2"]
[Site "Chess.com INT"]
[Date "2021.01.16"]
[Round "2"]
[White "Baskin, Robert"]
[Black "Tay, Brian"]
[Result "1-0"]
[WhiteElo "2390"]
[BlackElo "1796"]
[PlyCount "57"]
[EventDate "2021.01.16"]
[EventType "swiss"]
[EventRounds "6"]
[EventCountry "USA"]
[SourceTitle "CBM 200 Extra"]
[Source "ChessBase"]
[SourceDate "2021.03.31"]
[SourceVersion "1"]
[SourceVersionDate "2021.03.31"]
[SourceQuality "1"]

1. e4 c5 2. Nf3 d6 3. d4 cxd4 4. Nxd4 Nf6 5. Nc3 Nc6 6. Bg5 Qb6 7. Nb3 e6 8. Bxf6 gxf6 9. Qd2 Bd7 10. 0-0-0 0-0-0 11. f4 Kb8 12. Be2 h5 13. Rhf1 Bc8 14. Rf3 Ne7 15. Kb1 f5 16. Na4 Qc7 17. Rc3 Qd7 18. Qd4 Rh7 19. Nbc5 Qe8 20. Rb3 Nc6 21. Na6+ Ka8 22. Nb6+ axb6 23. Nc7+ Kb8 24. Qxb6 Qd7 25. Na6+ Ka8 26. Bb5 Na7 27. Bxd7 Rxd7 28. Nc7+ Kb8 29. Ra3 1-0

[Event "PNWCC Online Masters"]
[Site "Chess.com INT"]
[Date "2020.05.24"]
[Round "4.29"]
[White "Zong, Davis Jr"]
[Black "Tay, Brian"]
[Result "1-0"]
[WhiteElo "2129"]
[BlackElo "1898"]
[PlyCount "69"]
[EventDate "2020.05.23"]
[EventType "swiss (rapid)"]
[EventRounds "9"]
[EventCountry "USA"]
[SourceTitle "CBM 196 Extra"]
[Source "ChessBase"]
[SourceDate "2020.07.31"]
[SourceVersion "1"]
[SourceVersionDate "2020.07.31"]
[SourceQuality "1"]

1. d4 Nf6 2. c4 g6 3. Nc3 Bg7 4. e4 d6 5. Nf3 0-0 6. Be2 e5 7. 0-0 Nc6 8. d5 Ne7 9. b4 a5 10. Ba3 Nh5 11. c5 axb4 12. Bxb4 Nf4 13. cxd6 cxd6 14. Nb5 Ra6 15. Nd2 f5 16. f3 Bd7 17. Kh1 Nxe2 18. Qxe2 Rf6 19. a4 f4 20. Rfc1 g5 21. Nc7 Rxa4 22. Rxa4 Bxa4 23. Ne6 Qb6 24. Qc4 g4 25. Qc7 Qxc7 26. Rxc7 Rf7 27. Bxd6 Ng6 28. Rc8+ Nf8 29. Nc4 Bd7 30. Rd8 b5 31. Na5 gxf3 32. gxf3 h6 33. Nxf8 Bxf8 34. Bxf8 Rxf8 35. Rxd7 1-0

[Event "PNWCC Online Masters"]
[Site "Chess.com INT"]
[Date "2020.05.23"]
[Round "1.24"]
[White "Tay, Brian"]
[Black "Sarkar, Justin"]
[Result "0-1"]
[WhiteElo "1898"]
[BlackElo "2380"]
[PlyCount "92"]
[EventDate "2020.05.23"]
[EventType "swiss (rapid)"]
[EventRounds "9"]
[EventCountry "USA"]
[SourceTitle "CBM 196 Extra"]
[Source "ChessBase"]
[SourceDate "2020.07.31"]
[SourceVersion "1"]
[SourceVersionDate "2020.07.31"]
[SourceQuality "1"]

1. e4 e5 2. Nf3 Nc6 3. Bb5 a6 4. Ba4 d6 5. 0-0 Nf6 6. Re1 Bd7 7. c3 Be7 8. d4 0-0 9. Nbd2 exd4 10. cxd4 Nb4 11. Bxd7 Nxd7 12. Nf1 c5 13. a3 Nc6 14. Ng3 Bf6 15. Be3 g6 16. Rc1 Re8 17. Qd2 cxd4 18. Nxd4 Nxd4 19. Bxd4 Nc5 20. Bxf6 Qxf6 21. Re3 Rad8 22. b4 Ne6 23. Rf3 Qe5 24. h4 d5 25. exd5 Rxd5 26. Qc3 Qxc3 27. Rfxc3 f5 28. Re1 Kf7 29. h5 g5 30. Rf3 Nd4 31. Rfe3 Rxe3 32. fxe3 Nc2 33. Rc1 Nxe3 34. Rc7+ Ke6 35. Rxb7 Rd2 36. Nf1 Rxg2+ 37. Kh1 Re2 38. Nxe3 Rxe3 39. Rxh7 f4 40. Rh6+ Kf5 41. Rxa6 f3 42. Kg1 Kf4 43. Rg6 g4 44. h6 g3 45. Kf1 Rxa3 46. Rf6+ Kg5 0-1

[Event "Eastern op 46th"]
[Site "Tysons"]
[Date "2019.12.28"]
[Round "3"]
[White "Tay, Brian"]
[Black "Samuelson, Andrew"]
[Result "1/2-1/2"]
[WhiteElo "1682"]
[BlackElo "2113"]
[PlyCount "129"]
[EventDate "2019.12.27"]
[EventType "swiss"]
[EventRounds "7"]
[EventCountry "USA"]
[SourceTitle "CBM 194 Extra"]
[Source "ChessBase"]
[SourceDate "2020.03.31"]
[SourceVersion "1"]
[SourceVersionDate "2020.03.31"]
[SourceQuality "1"]

1. e4 c5 2. d4 cxd4 3. c3 Nf6 4. e5 Nd5 5. Nf3 Nc6 6. Bc4 e6 7. cxd4 d6 8. exd6 Bxd6 9. Nc3 Nb6 10. Bb3 0-0 11. 0-0 Be7 12. Bf4 Nd5 13. Nxd5 exd5 14. Ne5 Be6 15. Qd3 Rc8 16. Rac1 Qb6 17. Nxc6 bxc6 18. Rfe1 Bf6 19. Be5 Bxe5 20. Rxe5 g6 21. h4 Rfe8 22. Rce1 Qd8 23. h5 Qf6 24. h6 Qf4 25. Qe3 Qxe3 26. R1xe3 Kf8 27. f4 Rb8 28. Kf2 Rb4 29. g4 Rxd4 30. f5 Bd7 31. Rxe8+ Bxe8 32. fxg6 fxg6 33. g5 Rg4 34. Re5 Bd7 35. Bc2 Bf5 36. Bd1 Rxg5 37. Ba4 Rh5 38. Bxc6 Rxh6 39. Re8+ Kf7 40. Ra8 Ke6 41. Rxa7 Kd6 42. Be8 Rh2+ 43. Kf3 Be4+ 44. Ke3 Rxb2 45. Rxh7 Ke5 46. Re7+ Kf6 47. Ra7 g5 48. Bh5 Rh2 49. Bg4 Rg2 50. Ra6+ Ke7 51. Bh5 g4 52. Kf4 Bf3 53. a4 Kd7 54. a5 Kc7 55. Rg6 Ra2 56. Bxg4 Bxg4 57. Rxg4 Kd6 58. Ke3 Kc5 59. Kd3 Ra3+ 60. Kd2 d4 61. Rg8 Rxa5 62. Rg5+ Kb4 63. Rxa5 Kxa5 64. Kd3 Kb4 65. Kxd4 1/2-1/2